000 00576cam a2200181 4500500
005 20260405003921.0
041 _afre
042 _adc
100 1 0 _aDreyfus, Arthur
_eauthor
245 0 0 _a“Brouillons” : la colossale finesse de Georg Christoph Lichtenberg
260 _c2025.
500 _a82
690 _aAllemagne
690 _aAphorismes
690 _aHumour
786 0 _nPhilosophie magazine | 189 | 5 | 2025-05-01 | p. 53-53 | 1951-1787
856 4 1 _uhttps://shs.cairn.info/magazine-philosophie-magazine-2025-5-page-53?lang=fr&redirect-ssocas=7080
999 _c2072077
_d2072077